Workshop electro obtención de cobre

Uloženo v:
Podrobná bibliografie
Médium: Kniha
Jazyk:španělština
Vydáno: Valparaíso Universidad Católica de Valparaíso 1993
Témata:
Tagy: Přidat tag
Žádné tagy, Buďte první, kdo vytvoří štítek k tomuto záznamu!

MARC

LEADER 00000nam a2200000 a 4500
001 UCV6716
003 CL-VaPUC
008 930907e19930000CL |||||||||||||||||spa|d
082 0 4 |a 669.3  |b WOR  |2 21 
245 1 0 |a Workshop electro obtención de cobre 
300 |a 226 p 
942 |c BK 
945 |d 19930907 00:00:00 
260 |a Valparaíso  |b Universidad Católica de Valparaíso  |c 1993 
650 0 |a Cobre  |9 255767 
650 0 |a Electrometalurgia  |9 263654 
650 7 |a METALURGIA DEL COBRE  |2 CL-VaPUC  |9 263655 
583 |a last modification  |c 19930907 00:00:00  |k Rodrigo Vera 
999 |c 212621  |d 212619 
952 |0 0  |1 0  |4 0  |6 669_300000000000000_WOR_1993  |7 0  |8 A  |9 193754  |a BIBING  |b BIBING  |d 2019-11-14  |i 3160874  |l 2  |o 669.3 WOR 1993  |p 3160874  |r 2025-01-20  |s 2024-05-15  |w 2019-11-14  |y BK  |k EIE 
952 |0 0  |1 0  |4 0  |6 669_300000000000000_WOR_1993  |7 0  |8 A  |9 193755  |a BIBING  |b BIBING  |d 2019-11-14  |i 3160882  |l 2  |m 2  |o 669.3 WOR 1993  |p 3160882  |r 2025-01-20  |s 2024-05-22  |w 2019-11-14  |y BK  |k EIE 
952 |0 0  |1 0  |4 0  |6 669_300000000000000_WOR_1993  |7 0  |8 A  |9 193756  |a BIBING  |b BIBING  |d 2019-11-14  |i 3160890  |l 1  |o 669.3 WOR 1993  |p 3160890  |r 2025-01-20  |s 2024-05-15  |w 2019-11-14  |y BK  |k EIE